| 000 | 00924nas a2200301 4500 | ||
|---|---|---|---|
| 001 | BR0500294 | ||
| 003 | BR-BrBNA | ||
| 005 | 20231205105111.0 | ||
| 007 | ta | ||
| 008 | 230509b bl.|||p| |||| 00| 00por d | ||
| 040 |
_aBR-BrBNA _bpor _cBiblioteca Nacional de Agricultura |
||
| 041 | _a(Pt) | ||
| 072 | _aH20; H10 | ||
| 100 | 1 | _aNava, D.E. | |
| 100 | 1 | _aNeves, A.D. | |
| 100 | 1 | _aRodríguez, G.I.D. | |
| 100 | 1 | _aGonçalves, J.C. | |
| 100 | 1 | _aParra, J.R.P. | |
| 245 | 1 | _aBiologia e tabela de vida de fertilidade de Deuterollyta majuscula (Lep.: Pyralidae)em abacateiro (Persea americana Mill.) | |
| 650 | _aABACATE | ||
| 650 | _aLAGARTA | ||
| 650 | _aCICLO DE VIDA | ||
| 650 | _aBIOLOGIA | ||
| 650 | _aSÃO PAULO | ||
| 773 | 0 |
_tRevista Brasileira de Fruticultura (Brazil) _xISSN 0100-2945 _g(Aug 2004), v. 26(2) p. 234-236 _wBR0500294 |
|
| 909 |
_a202311 _bLúcia _c55 _dLúcia Elande |
||
| 942 |
_2AGRIS _n0 _cANA |
||
| 999 |
_c181239 _d181239 |
||